ISSUES OF ERTMS IMPLEMENTATION AT THE POLISH RAILWAYS

Bibliographic Details
Main Authors: Bialoń, Andrzej (Author), Mikulski, Jerzy (Author)
Format: Article
Language:English

MARC

LEADER 00000nab a2200000ua 4500
001 vtls010800217
003 SK-MaSNL
005 20260303152720.0
008 230222s2004 xo |||||||||||||||||eng|
035 |a (urnnbn)urn:nbn:sk:snk:ar-a04hqp 
035 |a (uuid)610c223f-956e-47e3-b5e2-3183ef4bebef 
035 |a urn:nbn:sk:snk-ab4so6 
040 |a SNKBUCL  |b slo  |c SNKBUCL  |e AACR2 
041 0 |a eng 
044 |a xo  |c SK 
100 1 |a Bialoń, Andrzej  |4 aut  |9 655369 
245 1 0 |a ISSUES OF ERTMS IMPLEMENTATION AT THE POLISH RAILWAYS  |c Andrzej Bialoń, Jerzy Mikulski 
700 1 |a Mikulski, Jerzy  |4 aut  |9 655368 
773 0 |t Advances in electrical and electronic engineering  |g Roč. 3, č. 2 (2004), s. 109-112 
958 |a OND 
958 |a EUIPO 
958 |a article3 
999 |c 2024513  |d 2026443